Municipalities of Washington County, Wisconsin - Statistics

General Stats
  • This quiz has been taken 103 times
  • The average score is 9 of 22
Answers on the Map
Answers color-coded by a green-red scale on the quiz's map according to % correct below.
 
Answer Stats
Answer % Correct
City of West Bend
95%
Town of West Bend
95%
City of Hartford
84%
Town of Hartford
84%
Town of Germantown
68%
Village of Germantown
68%
Village of Slinger
68%
Town of Jackson
63%
Village of Jackson
63%
Town of Kewaskum
53%
Village of Kewaskum
53%
Village of Richfield
42%
Village of Newburg
32%
Census Designated Place of Allenton
26%
Town of Trenton
16%
Town of Polk
11%
City of Milwaukee
5%
Town of Addison
5%
Town of Farmington
5%
Town of Wayne
5%
Town of Barton
0%
Town of Erin
0%
No matching quizzes found
Score Distribution
Percent of People with Each Score
Percentile by Number Answered
Your Score History
You have not taken this quiz